000 01081nam a2200229 4500
003 OSt
005 20221206141458.0
008 220511s2022 ck ||||grl|||s00| 0 spa d
020 _a9788411138697
040 _aCO-JMCR
_cCO-JMCR
041 0 _aspa
082 0 4 _a303.6 /
_bC7183i
_223
110 1 _aColombia.
_942078
_bConsejería Presidencial Para la Estabilización y la Consolidación
245 1 0 _aImplementación normativa paz con legalidad /
_cConsejería Presidencial para la Estabilización y la Consolidación, Gobierno de Colombia
260 _aBogotá :
_bTirant lo blach,
_c2022.
300 _a989 páginas ;
_c21 cm.
505 0 _aReforma rural integral -- Participación política y apertura democrática para la construir la paz -- Fin del conflicto -- Solución al problema de las drogas ilícitas -- Implementación del acuerdo
650 1 4 _aNormativa
_xPaz
_ySiglo XXI
_zColombia
_942079
650 2 4 _aImplementación de acuerdos
_xPaz
_ySiglo XXI
_zColombia
_942080
650 2 4 _aDrogas ilícitas
_xSolución
_xPaz
_ySiglo XXI
_zColombia
_942081
942 _2ddc
_cBK
999 _c29497
_d15881